| 000 | 00611nam a2200193 4500 | ||
|---|---|---|---|
| 001 | 118881 | ||
| 003 | ES-MaACL | ||
| 005 | 20250821092335.0 | ||
| 007 | t| | ||
| 008 | 070214s1947 sp r ||||1| spa d | ||
| 100 | 1 |
_aPérez Comendador, Enrique. _990737 |
|
| 245 | 1 | 0 |
_aEsculturas y dibujos / _cEnrique Pérez Comendador ; con un estudio de Enrique Lafuente Ferrari. |
| 250 | _a1ª ed. | ||
| 260 |
_aMadrid : _bNueva Epoca, _c1947. |
||
| 300 |
_a26 p. 1 lám. col. ; _c27 cm. |
||
| 700 | 1 |
_aLafuente Ferrari, Enrique, _d1898-1985 _969538 |
|
| 852 |
_aES-MaACL _jC-5209 _bR.25733 |
||
| 999 |
_c118881 _d118881 |
||